🎶 Paroles "Portrait de mes aïeules" Anne Sylvestre - Statistiques

Statistiques générales
  • Ce quiz a été pris 11 fois
  • Le résultat moyen est 273 sur 329
Statistiques - réponses
Mots % Correct
à
100%
A
100%
a
100%
ai
100%
Ai-
100%
Anna
100%
appelle
100%
après
100%
au
100%
aux
100%
Avec
100%
C'
100%
c'
100%
ce
100%
coeur
100%
d'
100%
dans
100%
de
100%
De
100%
du
100%
elles
100%
en
100%
est
100%
et
100%
Et
100%
être
100%
fait
100%
il
100%
j'
100%
Je
100%
je
100%
Jour
100%
jour
100%
jour,
100%
l'
100%
la
100%
La
100%
le
100%
leur
100%
m'
100%
ma
100%
Madeline
100%
mains
100%
Mais
100%
Marie
100%
Mathilde
100%
même
100%
moi
100%
mon
100%
ne
100%
Ô
100%
pas
100%
pense
100%
peux
100%
plus
100%
qu'
100%
Qu'
100%
quand
100%
Que
100%
Que,
100%
que
100%
qui
100%
Qui
100%
(Refrain :)
100%
(Refrain)
100%
regard
100%
Sa
100%
sais
100%
Sans
100%
se
100%
Soit
100%
soit
100%
son
100%
sous
100%
sur
100%
ta
100%
Ta
100%
tard
100%
Toi,
100%
toi,
100%
ton
100%
toute
100%
trop
100%
veux
100%
vie
100%
vis,
100%
visages
100%
voir
100%
vois
100%
vos
100%
vous
100%
Y
100%
aventure
67%
bourgeoise
67%
bûcheron
67%
colère
67%
commence
67%
convenance
67%
couches
67%
court
67%
crois
67%
Derrière
67%
devant
67%
dont
67%
Dont
67%
dure
67%
femme
67%
Femmes
67%
fille
67%
garder
67%
gueule
67%
jusqu'
67%
longtemps
67%
malheureuse
67%
Mère
67%
monte
67%
mourut
67%
nom ?
67%
opposée,
67%
paysanne
67%
perçant
67%
portraits
67%
pris
67%
rescousse
67%
rugueuses
67%
secours
67%
source
67%
souvent
67%
tablier
67%
tant
67%
tendre
67%
tenu
67%
trouve
67%
voudrais
67%
apprit
33%
arrivée
33%
Assise
33%
bonnet
33%
bout
33%
broderies
33%
calme
33%
comprendre
33%
conserve
33%
coudre
33%
croire
33%
défaisait
33%
demeurez
33%
dérisoire
33%
désespérément,
33%
deuxième
33%
deviner
33%
- Dieu
33%
égare
33%
essaie
33%
farouche
33%
force
33%
forme
33%
foudres
33%
gosse
33%
hériter
33%
histoire
33%
Ignorant
33%
image
33%
immobilité
33%
inconnue
33%
lumière
33%
maintiens
33%
malignité
33%
narquoise
33%
oeuvre
33%
orages,
33%
périe
33%
piano
33%
Pouvant
33%
préserve ! -
33%
Réduits
33%
repars
33%
Reposant
33%
Retrouver
33%
sauver
33%
silencieuse
33%
ténacité
33%
terrifiante
33%
tourna
33%
tuyaux
33%
vérité
33%
versant
33%
volonté
33%
Aucun quiz correspondant
Distribution des résultats
% des personnes avec chaque résultat
Percentile par nombre de réponses
Votre historique - résultats
Vous n’avez pas pris ce quiz